000 00305nam a2200121Ia 4500
008 240731s9999 xx 000 0 und d
022 _a1469-9419
245 0 _aJournal of Contemporary Religion
260 _bRoutledge
856 _uhttps://www.tandfonline.com/loi/cjcr20
942 _2ddc
942 _cTFEJ
999 _c77579
_d77579
945 _a1
_bMadushi Gamage
_c1
_dMadushi Gamage